Statistics for Top Gold-Producing Countries in 2021

Click here to take the quiz!

General Stats

  • This quiz has been taken 63 times
  • The average score is 13 of 20

Answer Stats

tonnescountry% Correct
368China
100%
331Russia
100%
190United States
97%
107Brazil
93%
171Canada
93%
99South Africa
93%
328Australia
92%
61Dem Rep Congo
78%
101Indonesia
76%
98Peru
71%
78Kazakhstan
68%
54Colombia
64%
46Tanzania
51%
84Sudan
49%
102Uzbekistan
47%
139Ghana
46%
94Mali
44%
53Papua New Guinea
41%
57Guinea
24%
93Burkina Faso
20%

Score Distribution

Percentile by Number Answered

Percent of People with Each Score

Your Score History

You have not taken this quiz